Rozvráti trh s vínom ?
Vinárska reforma, ktorú navrhuje EK, môže rozvrátiť slovenský trh s vínom. Odmietajú ju vinári i ministerstvo. Reformu navrhujú najväčšie produkčné krajiny z juhu Európy. Obsah a zámery reformy. Možný dopad reformy na Slovensko.
Salvato in:
| Autore principale: | |
|---|---|
| Natura: | Capitolo di libro |
| Lingua: | slovacco |
| Soggetti: | |
| Tags: |
Nessun Tag, puoi essere il primo ad aggiungerne!!
|
MARC
| LEADER | 00000naa$a2200000$$$4500 | ||
|---|---|---|---|
| 001 | 0067177 | ||
| 005 | 20231128092700.6 | ||
| 041 | 0 | |a slo | |
| 044 | |a SK | ||
| 245 | 1 | 0 | |a Rozvráti trh s vínom ? |c Juraj Lesay |
| 520 | |a Vinárska reforma, ktorú navrhuje EK, môže rozvrátiť slovenský trh s vínom. Odmietajú ju vinári i ministerstvo. Reformu navrhujú najväčšie produkčné krajiny z juhu Európy. Obsah a zámery reformy. Možný dopad reformy na Slovensko. | ||
| 610 | 2 | 0 | |a priemysel vinársky |
| 610 | 2 | 0 | |a víno |
| 610 | 2 | 0 | |a reformy |
| 610 | 2 | 0 | |a Európska komisia |
| 610 | 2 | 0 | |a Slovensko |
| 100 | 1 | |a Lesay, Juraj | |